书目信息 |
| 题名: |
饮用水健康与饮用水处理技术问答
|
|
| 作者: | 李永存 , 李伟 , 吴建华 编著 | |
| 分册: | ||
| 出版信息: | 北京 中国石化出版社 2004.4 |
|
| 页数: | 562页 | |
| 开本: | 21cm | |
| 丛书名: | 水处理技术与管理知识问答丛书 | |
| 单 册: | ||
| 中图分类: | R123-44 , TU991.2-44 | |
| 科图分类: | ||
| 主题词: | 饮用水--水卫生--问答 , 饮用水--给水处理--问答 | |
| 电子资源: | ||
| ISBN: | 7-80164-494-8 | |
| 000 | 00925nam2 2200289 45 | |
| 001 | 012004000000 | |
| 005 | 20050106080344.49 | |
| 010 | @a7-80164-494-8@dCNY 38.00 | |
| 100 | @a20041110d2004 em y0chiy0121 ea | |
| 101 | 0 | @achi |
| 102 | @aCN@b110000 | |
| 105 | @aak z 001yy | |
| 200 | 1 | @a饮用水健康与饮用水处理技术问答@Ayin yong shui jian kang yu yin yong shui chu li ji shu wen da@f李永存, 李伟, 吴建华编著 |
| 210 | @a北京@c中国石化出版社@d2004.4 | |
| 215 | @a562页@c图, 表格@d21cm | |
| 225 | 2 | @a水处理技术与管理知识问答丛书 |
| 320 | @a本书含附录和索引 | |
| 410 | 0 | @12001 @a水处理技术与管理知识问答丛书 |
| 606 | 0 | @a饮用水@x水卫生@j问答 |
| 606 | 0 | @a饮用水@x给水处理@j问答 |
| 690 | @aR123-44@v4 | |
| 690 | @aTU991.2-44@v4 | |
| 701 | 0 | @a李永存@Ali yong cun@4编著 |
| 701 | 0 | @a李伟@Ali wei@4编著 |
| 701 | 0 | @a吴建华@Awu jian hua@4编著 |
| 801 | 0 | @aCN@bQSSK@c20050106 |
| 905 | @a10447@dR123-44@eL320 | |
| 饮用水健康与饮用水处理技术问答/李永存, 李伟, 吴建华编著.-北京:中国石化出版社,2004.4 |
| 562页:图, 表格;21cm.-(水处理技术与管理知识问答丛书) |
| ISBN 7-80164-494-8:CNY 38.00 |
| ● |
| 相关链接 |
|
|
|
正题名:饮用水健康与饮用水处理技术问答
索取号:R123-44/L320
 
预约/预借
| 序号 | 登录号 | 条形码 | 馆藏地/架位号 | 状态 | 备注 |
| 1 | 434502 | 204345020 | 自科库401/401自科库 103排4列3层/ [索取号:R123-44/L320] | 在馆 |